|
|
|
|
| LEADER |
00000nam a22000007a 4500 |
| 005 |
20180323224521.0 |
| 007 |
cr|||| |||| |
| 008 |
180323s2017 co |||||s|||| 00||0 spa d |
| 020 |
|
|
|a 978-958-738-900-5
|
| 035 |
|
|
|a 21146
|
| 040 |
|
|
|a vLex
|
| 090 |
|
|
|c 7543
|d 7543
|
| 100 |
1 |
|
|a Rodrg̕uez, Gloria Amparo
|
| 245 |
1 |
3 |
|a Los conflictos ambientales en Colombia en el ejercicio del Derecho Mayor y la Ley de Origen de los pueblos indg̕enas
|h [Recurso electrn̤ico] /
|c Gloria Amparo Rodrg̕uez
|
| 256 |
|
|
|a Servicio en ln̕ea
|
| 260 |
|
|
|a Bogot:̀
|b Editorial Universidad de Rosario (Colombia),
|c 2017
|
| 300 |
|
|
|a 1 recurso electrn̤ico
|
| 506 |
1 |
|
|a Disponible solo en los productos indicados
|d vLex Global
|d vLex Global (Academic Edition, excluding Law Schools)
|d vLex Global (U.S. Academic Edition, Law Schools)
|d vLex Global (U.S. Academic Edition, excluding Law Schools)
|d vLex Global (Academic Edition, Law Schools)
|
| 650 |
0 |
4 |
|a Derecho del Medio Ambiente
|z Colombia
|
| 740 |
0 |
|
|a vLex Libros (Servicio en ln̕ea)
|
| 856 |
4 |
0 |
|u http://vlex.com/source/conflictos-ambientales-colombia-ejercicio-derecho-mayor-ley-origen-pueblos-indigenas-21146
|z Acceso restringido
|
| 942 |
|
|
|c BOOK
|
| 999 |
0 |
|
|a Environmental Law
|